00747nam a22001577a 450000500170000000800410001702000180005824500480007626000350012430000260015950002130018565000380039894200150043699900150045195201230046620241211133302.0241211b |||||||| |||| 00| 0 eng d a9780406054231 aLaw Reports of the Commonwealth 1994 Vol. 1 aLondon, UKbButterworthsc1995 axli, 805 pagesc24 cm aGeneral Editors: Read James S. Prof. LL.B. of Gray’s Inn, Barrister. Slinn Peter E. M.A., PhD., Solicitor, England and Wales. Cases Editor: Neville James BCL of King's Inn and of London's Inn, Barrister 2Law ReportsxCommonwealth Nations 2lcccBKn0 c2052d2052 00102lcc40708NFICaMLLbMLLcGENd2024-12-11l0oLRC94 Vol. 1pLLM00001360r2024-12-11 13:35:18t1w2024-12-11yBK